Song Titles with Shared First Words #2 - Statistics

General Stats
  • This quiz has been taken 4,821 times
  • The average score is 18 of 24
Answer Stats
Ends Of Song Titles First Word % Correct
Speak, Worry Be Happy Don't
97%
Breath You Take, Teardrop Is A Waterfall Every
97%
You Remind Me, Deep Is Your Love How
97%
Else Matters, Compares 2 U Nothing
97%
Dreams (Are Made Of This), Child O' Mine Sweet
97%
Or White, Cat Black
94%
Built This City, Didn't Start The Fire We
93%
Me Maybe, Out My Name Call
91%
God I've Found You, You For The Music Thank
90%
Like An Egyptian, This Way, Like A Man Walk
90%
Brightside, Sandman Mr.
87%
It Off, Rattle And Roll Shake
84%
Vibrations, Feeling, Life Good
81%
The Way You Are, Dance Just
81%
My Name, Something Say
80%
Amore, The Way (I Like It) That's
76%
Lip, Bottomed Girls Fat
75%
Days A Week, Miles High Eight
74%
Marmalade, In Red Lady
74%
Is America, Love, Is The Night This
69%
Jamz, Motion Slow
28%
Dream, Kicks Teenage
19%
Homesick Blues, Homesick Alien Subterranean
13%
Boy, Stranger Beautiful
10%
No matching quizzes found
Score Distribution
Percent of People with Each Score
Percentile by Number Answered
Your Score History
You have not taken this quiz